000 01366nam a22002417a 4500
999 _c22018
_d22018
003 AR-CdUCM
008 190425b ||||| |||| 00| 0 spa d
040 _aMUNICIPALIDAD PROVINCIAL DEL CUSCO
_cBIBLIOTECA MUNICIPAL DEL CUSCO
082 _aCuzcoactual/N°4/1954
245 _aCuzco actual /
260 _aCusco.
_bNoticias e informaciones,
_bFuturo,
_c1954.
300 _a41 páginas. :
_c16 cm.
440 _aCuzco Actual.
_nN°4,1954
_947178
505 _aContenido: Médicos indígenas para campesinos. -- El problema del indio es un problema de civilización. -- Canto a la reina del cachimbo, poesía, prosa. -- Exposición de la Junta de Reconstrucción del Cusco. -- Reconstrucción de monumentos el caso del cemento. -- Alumbrado eléctrico hombres en la junta. -- Unas aclaraciones sobre la Liga del Niño. -- Liga femenina de D. del N. desamparado. -- Por las sendas de la literatura. -- Calca pintoresco. -- La cárcel centro de degenaración física y moral. -- Miscelania. -- La semana del Cuzco. -- Distritalización de Huanchac...
650 _aHistorias del Cusco
_947166
650 _aProvincias del Cusco
_934880
650 _aSiglo XX
_947176
700 _aBarrionuevo Navarro, Leandro
_eDirector
_947177
700 _aBarrionuevo Sánchez, Armando
_eDirector
_931129
700 _aEstrada, Alcides
_947179
942 _2ddc
_cPP
945 _avhl